Datum a čas kvízu
27
Celkem bodů
Celkový počet nahraných bodů na tomto kvízu bez doplňovacích otázek.
5.
Pořadí na kvízu
Konečné umístění týmu na tomto kvízu.
Zaznamenané odpovědi
| # | Otázka | Odpověď | Body | Výsledky |
|---|---|---|---|---|
| 1. | Poblíž které jihočeské obce by... | Lety | 1 | |
| 2. | Posádka tureckých nízkonáklado... | Britové | 1 | |
| 3. | Fanoušci seriálu Simpsonovi sm... | Larry | 1 | |
| 4. | Minulý týden jsme se dozvěděli... | Datart | 1 | |
| 5. | Olympijskému vítězi ve skocích... | na Islandu | 0 | |
| 6. | Bešamelová omáčka se standardn... | muškátovým oříškem/květem | 1 | |
| 7. | Napište zakrytou značku zobraz... | Kikkoman | 0 | |
| 8. | Když se řekne omáčka, určitě s... | 15 | 0 | |
| 9. | Město Worcester dalo jméno jed... | C; ločidlo | 0.5 | |
| 10. | Jak se označuje tato omáčka (z... | holandská omáčka; vejce Benedikt | 0 |